| 000 | 00483pab a2200169 454500 | ||
|---|---|---|---|
| 008 | 180718b1982 xxu||||| |||| 00| 0 eng d | ||
| 100 | _aIgbinovia, Patrick Edobor | ||
| 245 | _aThe police in trouble: Administrative and organisational problems in the Nigeria police force | ||
| 260 | _c1982 | ||
| 300 | _ap.334-372. | ||
| 362 | _aApr-Jun | ||
| 650 | _aPolice - Nigeria | ||
| 650 | _aPolice | ||
| 773 | _aIndian Journal of Public Administration | ||
| 908 | _aN | ||
| 909 | _a88618 | ||
| 999 |
_c88618 _d88618 |
||